| 000 | 00514nam a2200181Ia 4500 | ||
|---|---|---|---|
| 003 | OSt | ||
| 005 | 20240406102137.0 | ||
| 008 | 210210b xxu||||| |||| 00| 0 eng d | ||
| 040 | _cAL | ||
| 041 | _aKannada | ||
| 082 | _a852/327 | ||
| 100 |
_aNARAYANA AGARAVALA ನಾರಾಯಣ ಅಗರವಾಲ _9159179 |
||
| 245 |
_aVidyarthi Karyakrama _bವಿದ್ಯಾರ್ಥಿ ಕಾರ್ಯಕ್ರಮ |
||
| 260 |
_aBengaLuru _b- |
||
| 690 |
_aKannada Prose _9159180 |
||
| 906 | _a018897 | ||
| 942 |
_2ddc _cBK |
||
| 999 |
_c142693 _d142693 |
||